Learning Resource and Development

The evolving landscape of ethical digital technology / (Record no. 29266)

MARC details
000 -LEADER
fixed length control field 03632cam a22003735i 4500
001 - CONTROL NUMBER
control field 22175535
003 - CONTROL NUMBER IDENTIFIER
control field CSPC
005 - DATE AND TIME OF LATEST TRANSACTION
control field 20250331112559.0
008 - FIXED-LENGTH DATA ELEMENTS--GENERAL INFORMATION
fixed length control field 210812s2021 nyu 000 0 eng
010 ## - LIBRARY OF CONGRESS CONTROL NUMBER
LC control number 2021945098
020 ## - INTERNATIONAL STANDARD BOOK NUMBER
International Standard Book Number 9781032017211
Qualifying information (hardback)
040 ## - CATALOGING SOURCE
Original cataloging agency DLC
Language of cataloging eng
Description conventions rda
Transcribing agency DLC
Modifying agency CSPC
042 ## - AUTHENTICATION CODE
Authentication code pcc
082 04 - DEWEY DECIMAL CLASSIFICATION NUMBER
Classification number 303.483
Item number R633e
100 1# - MAIN ENTRY--PERSONAL NAME
Personal name Rogerson, Simon,
Relator term author.
245 14 - TITLE STATEMENT
Title The evolving landscape of ethical digital technology /
Statement of responsibility, etc. Simon Rogerson.
250 ## - EDITION STATEMENT
Edition statement First edition.
263 ## - PROJECTED PUBLICATION DATE
Projected publication date 2112
264 #1 - PRODUCTION, PUBLICATION, DISTRIBUTION, MANUFACTURE, AND COPYRIGHT NOTICE
Place of production, publication, distribution, manufacture Boca Raton, FL ;
-- Abingdon, Oxon :
Name of producer, publisher, distributor, manufacturer CRC Press,
Date of production, publication, distribution, manufacture, or copyright notice 2021.
300 ## - PHYSICAL DESCRIPTION
Extent xix, 319 pages :
Other physical details illustrations ;
Dimensions 26 cm.
336 ## - CONTENT TYPE
Content type term text
Content type code txt
Source rdacontent
337 ## - MEDIA TYPE
Media type term unmediated
Media type code n
Source rdamedia
338 ## - CARRIER TYPE
Carrier type term volume
Carrier type code nc
Source rdacarrier
504 ## - BIBLIOGRAPHY, ETC. NOTE
Bibliography, etc. note Includes bibliographical references and index.
505 0# - FORMATTED CONTENTS NOTE
Formatted contents note Introduction -- Part I. Journey -- Cyberspace: the ethical frontier [1995] -- But is it ethical? [1995] -- Information ethics: the second generation [1996] -- A review of information ethics [2010] -- Towards a chronological taxonomy of tourism technology: an ethical perspective [2018] -- Part II. Process -- Ethics of software development project management [1996] -- An ethical review of information systems development: the Australian computer society's code ethics and SSADM [2000] -- A practical perspective of information ethics [2001] -- Responsible risk assessment with software development: creating the software development: impact statement [2005] -- Information systems ethics - challenges and opportunities [2019] -- Part III. Product -- The social impact of smart card technology [1998] -- A moral approach to electronic patient records [2001] -- Internet voting - well at least it's "modern" [2003] -- Digital existence - the modern way to be [2018] -- Is professional practice at risk following the Volkswagen and Tesla revelations? [2017] -- The dangers of dual-use technology: a thought experiment expose [2019] -- Grey digital outcasts and COVID-19 [2020] -- Part IV. Future -- E.Society - panacea or apocalypse? [1998] -- The virtual world a tension between global reach and local sensitivity -- Future vision [2015] -- Part V. Education -- Preparing to handle dilemmas profession [1996] -- Preparing IT professionals of the future [2014] -- Using technology to incorporate students' work-based experiences into a blended learning environment [2008] -- Poetical potentials the value of poems in social impact -- Start a revolution in your head! the rebirth of ICT ethics -- Part VI. Conclusion -- Landscape for the future.
520 ## - SUMMARY, ETC.
Summary, etc. "This book is an anthology of the author's work over the past of 25 years of pioneering research in digital ethics. It is structured into five themes: Journey, Process, Product, Future and Education. Each theme commences with an introductory explanation of the papers, their relevance and their interrelationship. The anthology finishes with a concluding chapter which summarises the key messages and suggests what might happen in the future. Included in this chapter are insights from some younger leading academics who are part of the community charged with ensuring that ethical digital technology is realised"--
Assigning source Provided by publisher.
650 #0 - SUBJECT ADDED ENTRY--TOPICAL TERM
Topical term or geographic name entry element Digital ethics.
650 #0 - SUBJECT ADDED ENTRY--TOPICAL TERM
Topical term or geographic name entry element Technology
General subdivision Moral and ethical aspects.
650 #0 - SUBJECT ADDED ENTRY--TOPICAL TERM
Topical term or geographic name entry element Information technology
General subdivision Social aspects.
906 ## - LOCAL DATA ELEMENT F, LDF (RLIN)
a 0
b ibc
c orignew
d 2
e epcn
f 20
g y-gencatlg
942 ## - ADDED ENTRY ELEMENTS (KOHA)
Source of classification or shelving scheme Dewey Decimal Classification
Suppress in OPAC No
Koha item type Books
Item part R633e
Call number prefix CIR
Call number suffix 2022
Classification part 303.483
Holdings
Withdrawn status Lost status Source of classification or shelving scheme Damaged status Not for loan Home library Current library Shelving location Date acquired Total Checkouts Full call number Barcode Date last seen Copy number Price effective from Koha item type
    Dewey Decimal Classification     Main Library Main Library Circulation Section 03/21/2025   CIR 303.483 R633e 2022 029287 03/21/2025 1-1 03/21/2025 Books